000 00773nam a22002057a 4500
999 _c20034
_d20034
003 AR-CdUCM
008 190524b ||||| |||| 00| 0 spa d
040 _aMUNICIPALIDAD PROVINCIAL DEL CUSCO
_cBIBLIOTECA MUNICIPAL DEL CUSCO
082 _a610.73 /
_bH76
100 _aHornemann, Grace V.
_941907
245 _aMétodos fundamentales de enfermería /
260 _aMéxico :
_bTroquel,
_c1970.
300 _a255 páginas ;
_c26 cm.
505 _aContenidos : Orientación -- Personal sanitario -- La enfermera práctica y el personal sanitario -- Salud personal y cuidado del cuerpo...
650 _aTécnicas asépticas
_941908
650 _aProcedimientos terapéuticos
_941909
650 _aObservaciones y registros
_941910
942 _2ddc
_cLIBROS
945 _arcc